Aproximaciones metodológicas a la investigación socio-cultural en población /
Uloženo v:
| Hlavní autor: | |
|---|---|
| Další autoři: | |
| Médium: | Text |
| Vydáno: |
s.l:
FNUAP
|
| Tagy: |
Přidat tag
Žádné tagy, Buďte první, kdo vytvoří štítek k tomuto záznamu!
|
MARC
| LEADER | 00000 a a2200000 04500 | ||
|---|---|---|---|
| 001 | 22629 | ||
| 003 | |||
| 040 | |||
| 090 | |a 155000 | ||
| 100 | |a Glavinich, Nidia | ||
| 245 | |a Aproximaciones metodológicas a la investigación socio-cultural en población / |c Nidia Glavinich | ||
| 260 | |a s.l: |b FNUAP | ||
| 300 | |a 79 p. | ||
| 700 | |a Mereles, Perla |a Roa, Angélica |a Román, María Liz | ||
| 999 | |c 10050 |d 10050 | ||
